[Event "Bundesliga 9900"]
[Site "Germany"]
[Date "1999.12.12"]
[Round "6.1"]
[White "Rozentalis, Eduardas"]
[Black "Kindermann, Stefan"]
[Result "1-0"]
[WhiteElo "2586"]
[BlackElo "2527"]
[Annotator "Rozentalis,E"]
[PlyCount "115"]
[EventDate "1999.10.09"]
[EventType "team-tourn"]
[EventRounds "15"]
[EventCountry "GER"]
[SourceTitle "CBM 073 Extra"]
[Source "ChessBase"]
[SourceDate "2000.01.11"]
[SourceVersion "1"]
[SourceVersionDate "2000.01.11"]
[SourceQuality "1"]
[WhiteTeam "Castrop Rauxel"]
[BlackTeam "Koenig Plauen"]
[WhiteTeamCountry "GER"]
[BlackTeamCountry "GER"]

1. e4 e6 2. d4 d5 3. Nd2 Nf6 4. e5 Nfd7 5. Bd3 c5 6. c3 Nc6 7. Ne2 cxd4 8. cxd4
Qb6 9. Nf3 f6 10. exf6 Nxf6 11. O-O Bd6 12. Nc3 O-O 13. Be3 Bd7 14. Re1 Rae8 (
14... Qxb2 15. Nb5 {trapping the queen.}) 15. Ne5 Re7 ({Again taking the pawn
leads to strong initiative after} 15... Qxb2 16. Nxd7 Nxd7 17. Nb5 Bf4 18. Rb1
Qxa2 19. Bxf4 Rxf4 20. Bxh7+) 16. a3 $1 $146 {White starts its play on the
queen side. It is better, than an exchage of central knight to passive bishop.}
Be8 17. b4 Qd8 18. f4 a6 19. Na4 Na7 20. Nc5 Bb5 21. Bc2 b6 22. a4 $1 Bc4 (
22... bxc5 23. axb5 cxd4 24. Bxd4 Nxb5 25. Nc6) 23. Nxc4 dxc4 24. Nxa6 {
White won a pawn. The only problem is knight a6, which will be long time out
of the game. But this is not sufficient compensation and white is much better.}
Nc6 ({Black couldn't win back a pawn:} 24... Nd5 25. g3 Nxb4 26. Nxb4 Bxb4 27.
Bxh7+) 25. Qb1 $6 {Nice move, but it gives the chance for counterplay.} ({
Normal} 25. b5 Nb4 26. Nxb4 Bxb4 27. Rf1 Nd5 (27... Bc3 28. Rc1 (28. Ra3 Bb2
29. Ra2) 28... Nd5 29. Bf2 Rxf4 30. g3 Rf8 31. Be4 $16) 28. Qf3 $16 {would let
white protect the position and save all the advantages.}) 25... g6 $2 {Now
white is again comfortable. Black could gain a lot of counterplay:} (25... g5
$1 26. b5 (26. fxg5 Ng4 $132) 26... gxf4 27. Bf2 Na5 28. Qd1 $14) 26. b5 Na5
27. g3 $16 Nd5 28. Qd1 Ree8 29. Bf2 Qf6 30. Qf3 Re7 31. Re2 Qf7 32. Rae1 Rc8
33. Be4 Nf6 34. Bb1 Nd5 35. Ba2 Qf5 36. Rc1 {in order to attack the c4 pawn.
In time pressure black looses second pawn.} g5 $2 $138 37. Bb1 Qf7 38. Qg4 Nf6
39. Qxg5+ Kh8 40. Rce1 Rg8 41. Qh4 Nb3 42. f5 Rg4 43. Qh3 Nxd4 44. Bxd4 Rxd4
45. fxe6 Qg7 46. Rf1 c3 47. Qf5 Ng4 48. Re4 Be5 (48... Nxh2 49. Qf8+ Qxf8 50.
Rxf8+ Kg7 51. Rxd4) {Even without two pawns black managed to find some chances,
due to aside position of white knight, so it really time to come back to the
game.} 49. Nb4 $1 Rxe4 (49... Nxh2 50. Rxd4 Qxg3+ 51. Kh1 Bxd4 52. Qf8+) 50.
Qxe4 Bd4+ 51. Kh1 Nf2+ 52. Rxf2 Bxf2 53. Nd5 Bc5 {Black has to give back the
exchange,as} (53... Re8 54. Nf6 $1 $18) {looses at once. Now white is simply
winning with two pawns up.} 54. Nxe7 $18 Qxe7 55. Kg2 Kg8 56. Qf5 Qg7 57. a5
Bd4 58. a6 1-0

[Event "Fort Myers Gulf Coast op 2nd"]
[Site "Fort Myers"]
[Date "2016.01.10"]
[Round "5"]
[White "Zherebukh, Yaroslav"]
[Black "Sadorra, Julio Catalino"]
[Result "0-1"]
[WhiteElo "2614"]
[BlackElo "2501"]
[Annotator "Sadorra,J"]
[PlyCount "52"]
[EventDate "2016.01.08"]
[EventType "swiss"]
[EventRounds "5"]
[EventCountry "USA"]
[SourceTitle "CBM 171"]
[Source "ChessBase"]
[SourceDate "2016.03.14"]
[SourceVersion "2"]
[SourceVersionDate "2016.03.14"]
[SourceQuality "1"]

{Going into the last round, Yaro, myself, and Julio Becerra were tied for
first place so there was no knowing how things would work out. But I remember
thinking before this round to simply focus on my game and be prepared to fight
till the end!} 1. e4 e6 2. d4 d5 3. Nd2 Be7 4. Ngf3 Nf6 5. e5 Nfd7 6. Bd3 c5 7.
c3 Nc6 8. O-O O-O {I decided to play a lesser-known but solid line to avoid
any preparation which he may have had done against the more common lines:} (
8... g5) (8... a5) 9. Re1 f6 10. exf6 Nxf6 11. Nf1 cxd4 12. cxd4 (12. Nxd4 {
is an interesting alternative} e5 $6 {is tempting but flawed} ({but the simple
} 12... Nxd4 13. cxd4 Qb6 14. Ng3 (14. Be3 Bd7) (14. b3 Bd7 15. Bb2 Rac8) 14...
Bd7 {achieves equality.}) 13. Nxc6 bxc6 14. Rxe5 Ng4 15. Re2 Bc5 16. Be3) 12...
Qb6 {This is my aim - to reach standard positions of the mainline of the
Tarrasch 3...Nf6. The only difference here is that my bishop is on e7 instead
of d6, and White's knight is on f1 instead of the ideal e2.} 13. Re2 $5 {
Played after a long think. My understanding of this move is that it
over-protects f2 and b2 which allows for a smooth development later in the
game.} Kh8 {Making a threat on d4, this forcing his bishop to take a more
passive position.} ({Of course quick development is also good:} 13... Bd7 14.
Ng3 (14. a3 Bd6 (14... a5 15. Ng3 Bd6 $11) 15. b4 Rae8 $6 (15... Ne7 $1 16. Ne5
Bxe5 17. Rxe5 (17. dxe5 Ng4 18. Qe1 Qd4 $36) 17... Ba4 $1 {this active
possibility is the point of retreating the knight to e7 early} 18. Qd2 Rac8 19.
Bb2 Ng6 $11) 16. b5 Na5 17. a4 $14) 14... Bd6 $11 15. b3 g6 (15... Ng4 16. Bb2
g6 {transposes}) 16. Bb2 Ng4 17. Bb1 $6 (17. h3 $2 Nxf2 $1) (17. Rc1 Bf4 $1 {
is awkward for White}) (17. a3 a5 $1 $11) 17... Rf7 {with the idea of doubling
up on the f-file while White cannot find it easy to improve his position.} 18.
Ng5 {disturbing Black's plan seems to be the best way to continue} Rf4 $1 19.
Nf3 (19. Nh3 $6 Rxd4 $1 20. Bxd4 Nxd4 $17) 19... Raf8 $15) 14. Bb1 {This
retreat seemed odd to me during the game, as it makes the development of his
rook difficult; but it's important not to overestimate my position here as
this is a temporary factor.} Bd7 15. Ng3 Bd6 16. b3 Rae8 {A normal move that
highlights my better piece harmony/development.} ({I also considered} 16... Ng4
{as it sets up tricks on f2 after h3, but I realised he doesn't have to play
it and could continue with} 17. Bb2 {and I wasn't sure I would have gained
anything special.}) 17. Bb2 Re7 {Proceeding in a normal way, with the idea of
Be8 or doubling up on the f-file later.} ({Once again I didn't see the benefit
of playing} 17... Ng4 {and I think the consequences of 18.h3 Nxf2 weren't
clear to me; but concretely Black should at get at least enough compensation,
though I'm just not sure if there's more...} 18. Qd3 (18. h3 Nxf2 $1 19. Kxf2
e5 {looks like strong compensation!}) 18... g6 19. h3 Nxf2 20. Kxf2 Ne5 $5 21.
Rxe5 Bxe5 22. Ne2 Bd6 23. Qe3 (23. Kg1 e5) 23... Bb5 {and it seems easier to
play this as Black} 24. Bd3 $2 Bxd3 25. Qxd3 e5 $19) 18. Ne5 $1 {This came as
a surprise. It looked like Black could obtain a better position by force, but
things are not so easy if one checks things concretely.} Be8 {after much
deliberation, I settled for a quiet and controlled move.} (18... Bxe5 $6 {
this attractive and energetic move is only good on the surface!} 19. dxe5 Ng4
20. Qe1 (20. Qc2 g6 21. h3 Nd4 $1 {looked promising for the whole line with ...
Bxe5 at first :-)}) (20. Nh1 $5 Ref7 21. Qd3 g6 22. Qd2 $14) 20... Ref7 (20...
Nd4 21. Rd2 {leads nowhere}) 21. Nh1 $1 {and after studying and checking this
position 2 times, I didn't like my position as White plans to push back my
g4-knight with h3 then play Ng3 and I don't have compensation for his bishop
pair and bad pieces.} Nh6 22. Ba3 Rc8 23. Ng3 {seems more pleasant for White
to play due to his long-term advantages.} (23. h3 Nd4)) 19. Qd3 (19. f4 Nd7 $1
{is unpleasant to meet} (19... Bxe5 $5 20. fxe5 Ng4 {looked fine as well}) 20.
Nxc6 (20. Rf2 Ndxe5 21. fxe5 Rxf2 22. Kxf2 Bxe5 $19) 20... bxc6 21. f5 e5 $1)
19... Rc7 {Keeping the tension for longer.} ({I also considered playing solid
with} 19... g6 {but it's an overreaction as it only weakens my kingside and
makes my bishop on e8 sad.}) 20. Nxc6 Rxc6 {Using a small tactic. After this,
he started thinking for a while again.} 21. Qd2 {And again... during which
time I tried to work out some lines. I was also feeling tired and a little
sleepy here, so honestly I was also looking at move repetition possibilities
here. I felt I was slightly better here and should definitely play on, but my
mind was switching back and forth between fighting on (from our "expect to
win" talk) and settling for a draw in this last game.} (21. Rxe6 Bg6 $1 ({
Here, I first saw the forcing} 21... Bxg3 22. Rxc6 (22. Rxf6 $1 $18 Bxf2+ (
22... Bxh2+ 23. Kh1) 23. Rxf2) 22... Bxf2+ {which can only be better for me,
but after checking things White has a nice refutation - move 22}) 22. Qd2 Bxb1
23. Rxb1 Bxg3 24. Rxc6 Bxf2+ {and Black will be at least equal.}) 21... Nh5 $5
{"Keeping him busy" while he's yet to complete development.} ({Another good
plan is to play a useful waiting move} 21... Bf7 $5 22. Qe3 (22. Bd3 Nh5 $1 {
timing!} (22... Rfc8) 23. Nxh5 Bxh5 24. f3 Bf4 25. Qd1 e5) 22... Qc7 (22...
Rfc8) 23. Bd3 Bf4 $15) 22. Nxh5 Bxh5 {Black's position is certainly easier to
play, but I sense that both of our energies were wearing out at this stage of
the game. Therefore, I mustered the last of my energies to play on and find
ways to give my opponent more chances to go wrong.} 23. Qd3 (23. f3 $6 Qc7 (
23... e5 24. Qg5 $132) 24. h3 Bh2+ {and I felt that there's got to be
something there!}) 23... Bg6 $5 {"The test" that I prepared on the 22nd move.}
({According to the "best player" in the world, the best way to continue to the
wierd-looking} 23... g6 $1 {which I also checked, but I was bothered by my
trapped-looking bishop on h5 after} 24. f3 {but the "best player" proves that
Black is better with} (24. Rc2 Qc7 25. g3 e5 $1 $36) (24. Re3 Bf4 25. Re1 Qc7
26. g3 (26. h3 Bh2+ 27. Kf1 Rxf2+ $1) 26... Bh6 {and the black bishops are not
only safe but strong!!}) 24... Qc7 25. g4 {looks risky... for who??} Bxg4 $3
26. fxg4 Rc1+ {is crushing!} 27. Kg2 (27. Bxc1 Qxc1+ 28. Kg2 Qf1#) 27... Qf7
$19) 24. Qh3 $2 {Failing to pass "the test".} (24. Qd1 $1 {is what I thought
objectively best way} Bxb1 25. Rxb1 Qc7 26. h3) (24. Qd2 Bf4 $1 (24... Bh5 25.
Qd3 Bg6 $11) 25. Qd1 Bh5 26. f3 (26. Qd3 g6 $5) 26... Qc7 $17) 24... Bxb1 25.
Rxb1 Qa6 $1 {This double attack is what I spotted around move 22.} 26. Rbe1 $6
{"Mistakes don't come singly" as they say, but Black was already clearly
better in any case. It was played to obtain counterplay for the lost pawn, but
after checking things, it only makes things worse for himself!} Bb4 {After a
few minutes, he realised he will have no compensation for more material loss
and resigned.} 0-1

[Event "Gashimov Memorial-B 1st"]
[Site "Shamkir"]
[Date "2014.04.23"]
[Round "4"]
[White "Mamedov, Rauf"]
[Black "Wang, Hao"]
[Result "1-0"]
[WhiteElo "2660"]
[BlackElo "2734"]
[Annotator "Sagar Shah"]
[PlyCount "149"]
[EventDate "2014.03.21"]
[EventType "tourn"]
[EventRounds "9"]
[EventCountry "AZE"]
[EventCategory "17"]
[SourceTitle "CBM 160"]
[Source "ChessBase"]
[SourceDate "2014.05.15"]
[SourceVersion "1"]
[SourceVersionDate "2014.05.15"]
[SourceQuality "1"]
[TimeControl "40/7200:20/3600:900+30"]
[WhiteClock "0:59:26"]
[BlackClock "0:56:56"]

1. e4 {[%emt 0:00:04]} e6 {[%emt 0:00:03]} 2. d4 {[%emt 0:00:06]} d5 {[%emt 0:
00:05]} 3. Nd2 {[%emt 0:00:03] The Tarrasch Variation is considered to be one
of the most critical variations against French Defense. Ari Ziegler who made a
DVD on the French for Black said he just doesn't know how to break the white
pawn chain in this opening.'} Nf6 {[%emt 0:00:05]} (3... c5 {Gives Black more
chances to equalise, but less chances to win.}) 4. e5 {[%emt 0:01:00]} Nfd7 {
[%emt 0:00:04]} 5. Bd3 {[%emt 0:00:10]} c5 {[%emt 0:00:05]} 6. c3 {[%emt 0:00:
02]} Nc6 {[%emt 0:00:05]} 7. Ngf3 $5 {[%emt 0:01:19]} (7. Ne2 {Is by far the
main line. The idea is to bring the d2 knight to f3.}) 7... Qb6 {[%emt 0:00:10]
} (7... f6 {is another option, but a very famous game between Tal-Bronstein
continued with} 8. Ng5 $5 {A typical Tal bluff.} fxg5 9. Qh5+ g6 10. Bxg6+ hxg6
11. Qxh8 cxd4 {with clear advantage to Black. Bronstein did not play this. He
fell for the bluff and met Ng5 with Nde5 after which White was better.}) 8. O-O
{[%emt 0:00:14]} cxd4 {[%emt 0:00:04]} 9. cxd4 {[%emt 0:00:02]} Nxd4 {[%emt 0:
00:07]} 10. Nxd4 {[%emt 0:00:03]} Qxd4 {[%emt 0:00:08]} 11. Nf3 {[%emt 0:00:02]
White gives up a pawn in order to increase his lead in development. He has
open c-file and the black king is in the center. White has decent compensation.
The credit of popularizing this line must go to Viktor Korchnoi for his very
famous game against Udovcic in 1967.'} Qb6 {[%emt 0:00:08]} 12. Qa4 {[%emt 0:
00:53] This pins the knight, and White is ready to swing his queen over to the
kingside with Qg4.'} Qb4 {[%emt 0:00:06] Sagar Shah: 'Preventing the swing.'}
13. Qc2 {[%emt 0:00:03]} Nc5 {[%emt 0:00:04]} (13... h6 14. Bd2 Qb6 15. Rac1
Be7 16. Qa4 Qd8 17. Rc2 Kf8 18. Rfc1 Nb6 19. Qg4 Bd7 20. Ba5 Rc8 21. Rxc8 Bxc8
22. Bb4 g6 23. Qh4 g5 24. Nxg5 Ke8 25. Bb5+ Bd7 26. Nxe6 fxe6 27. Qh5+ Kf8 28.
Rc3 Rh7 29. Qg6 Rg7 30. Qxh6 Bxb4 31. Rg3 {1-0 (31) Kortschnoj,V-Udovcic,M
Leningrad 1967}) (13... Qc5 {is another option, pursuing the white queen.} 14.
Qe2 Be7 15. Be3 Qa5 16. Rfc1 $44) 14. Bd2 {[%emt 0:04:57] Gaining more time
and connecting the rooks.'} Qa4 {[%emt 0:00:19]} 15. b3 {[%emt 0:00:23]} Qd7 {
[%emt 0:00:06]} 16. Rac1 {[%emt 0:05:30]} (16. Nd4 Nxd3 17. Qxd3 b6 18. a4 Bc5
19. b4 Bxd4 20. Qxd4 Bb7 21. Ra3 Rc8 22. Rg3 Rc4 23. Qd3 Qc7 24. Re1 Re4 25.
Rxe4 dxe4 26. Qd6 Qxd6 27. exd6 e3 28. Bxe3 Rg8 29. Bd4 Kd7 30. Bxg7 a5 31. b5
Be4 32. h3 Bc2 33. Rc3 Rc8 34. Rf3 f5 35. Be5 Rc5 36. Re3 Bxa4 37. f4 Bxb5 38.
Rg3 Rc1+ 39. Kh2 Rd1 40. Rg7+ Kc6 41. Rxh7 Rxd6 42. Bxd6 Kxd6 43. h4 Be8 44. h5
Bxh5 45. Rxh5 a4 {Istratescu,A (2636)-Berg,E (2587) Achaea 2012 1-0}) (16. Be2
{Preserving the bishop has been played more often, but Mamedov wants to
further build up his lead in development and capture the c-file with his rooks.
}) 16... b6 {[%emt 0:07:48]} (16... Nxd3 17. Qxd3 b6 $1 18. Rc2 a5 19. Rfc1 Ba6
20. Qd4 Bc5 21. Qg4 O-O {Black should be better because after the following
variation} 22. Bh6 f5 23. exf6 Rxf6 24. Bg5 Rff8 {White lacks compensation.})
17. Nd4 {[%emt 0:18:09]} Ba6 {[%emt 0:08:20]} (17... Nxd3 18. Qxd3 Bc5 {
should also be fine for black.}) 18. Bxa6 {[%emt 0:00:22]} Nxa6 {[%emt 0:00:07]
} 19. Qd3 {[%emt 0:03:13]} Nc5 {[%emt 0:01:09]} 20. Qe2 {[%emt 0:00:07]} a5
$146 {[%emt 0:07:52] stopping white from playing b4 and disodging the knight.'}
(20... Be7 21. b4 Ne4 22. Nb5 O-O 23. Rc7 Qe8 24. Nd4 b5 25. Rfc1 Bd8 26. R7c6
Bb6 27. Be3 Qb8 28. f3 Qxe5 29. Rxb6 axb6 30. fxe4 Qxe4 31. Nc6 Rxa2 32. Qf3
Qxf3 33. gxf3 Kh8 34. Ne5 f6 35. Nd7 Re8 36. Nxb6 Rb2 37. Bc5 h5 38. Re1 d4 39.
f4 d3 40. Rd1 Rd8 41. Be7 Rd4 42. Bc5 Rxf4 43. Rxd3 Re4 44. Kf1 Rxh2 45. Rd8+
Kh7 46. Nd7 Kg6 47. Nf8+ Kf5 48. Rd3 Rc4 49. Kg1 Rb2 50. Rd1 {Pachow,J (2235)
-Tischbierek,R (2380) Fuerstenwalde 1981 0-1}) 21. Be3 {[%emt 0:05:07]} Be7 {
[%emt 0:09:47]} 22. Qg4 $1 {[%emt 0:04:06]} g6 {[%emt 0:08:34]} (22... O-O {
is impossible due to} 23. Bh6 $1 $14) 23. Bh6 $1 {[%emt 0:01:25]} Bf8 {[%emt 0:
05:24]} 24. Bxf8 {[%emt 0:07:28]} Kxf8 {[%emt 0:00:36] This type of
compensation is what White is looking for. For a pawn the black king is pretty
weak.} 25. Qf4 {[%emt 0:00:45]} h6 {[%emt 0:01:30]} 26. Rc3 {[%emt 0:06:00]}
Qe7 {[%emt 0:07:28]} 27. Nc6 {[%emt 0:11:10]} Qd7 {[%emt 0:18:53]} 28. Nd4 {
[%emt 0:00:08]} Qe7 {[%emt 0:08:49]} 29. Nc6 {[%emt 0:00:05]} Qg5 {[%emt 0:03:
52] Wang Hao is not satisfied with the half point and presses on for a win.'}
30. Qd4 {[%emt 0:00:07]} h5 {[%emt 0:00:04]} 31. f4 {[%emt 0:09:42]} Qf5 {
[%emt 0:02:45]} 32. Qd1 {[%emt 0:07:32]} h4 {[%emt 0:07:52]} 33. Nd4 {[%emt 0:
02:00]} Qh5 {[%emt 0:00:06]} 34. Qc2 {[%emt 0:04:11]} Kg7 $15 {[%emt 0:00:13]
Blacks play has been wonderful. He has connected his rooks and remained a pawn
up'} 35. Rcf3 {[%emt 0:09:00]} Rhf8 {[%emt 0:05:49]} 36. Rc3 {[%emt 0:06:06]}
Rfc8 {[%emt 0:04:37]} 37. a3 {[%emt 0:01:11]} Re8 {[%emt 0:00:04]} 38. Rff3 {
[%emt 0:04:19]} Re7 {[%emt 0:04:41]} 39. Qe2 {[%emt 0:00:55]} h3 $2 {[%emt 0:
01:15] On the penultimate move before the time control Black goes wrong. He
should have just kept playing his rooks and waited for the extra time, but he
decided to sharpen the play and is now left with a bad position.'} 40. f5 $5 {
[%emt 0:00:00] Mamedov too plays the most complex move in the position.'} (40.
Qe1 $3 {was the refutation of Black's idea.} hxg2 41. Rh3 Qg4 42. Rh4 {traps
the black queen.}) 40... Kg8 {[%emt 0:00:00]} (40... exf5 {Sagar Shah} 41.
Nxf5+ gxf5 42. Rg3+ $18) 41. f6 {[%emt 0:02:29]} Rd7 {[%emt 0:09:47]} 42. Rf4 {
[%emt 0:14:23]} Qxe2 {[%emt 0:08:53]} 43. Nxe2 {[%emt 0:00:07] Though the
queens have been exchanged, White still harbors the ambition of mating the
black king down the h-file.'} g5 {[%emt 0:00:06]} (43... hxg2 {Sagar Shah} 44.
Rh4 {followed by Rch3 is curtains.}) 44. Rg4 {[%emt 0:10:07]} Ne4 {[%emt 0:01:
22]} 45. Rxh3 {[%emt 0:04:15] Material balance has been established, it's a
race now. Black is going to occupy the c-file while White will try to break
through on the kingside.'} Rc7 {[%emt 0:00:22]} 46. Rf3 {[%emt 0:05:19]} Kh7 {
[%emt 0:04:06]} 47. h4 {[%emt 0:02:06]} Kg6 $6 {[%emt 0:04:49]} (47... Rc2 $132
48. Ng3 Nd2 49. Rf2 Rg8 {Black is holding on.}) 48. Ng3 {[%emt 0:01:21]} Rc1+ {
[%emt 0:03:11]} 49. Kh2 {[%emt 0:00:14]} Re1 {[%emt 0:00:42]} (49... Rh8 50.
Nxe4 dxe4 51. Rxg5+ $16) 50. Nxe4 {[%emt 0:00:42]} dxe4 {[%emt 0:01:18]} 51.
Rxg5+ {[%emt 0:01:22] Suddenly the roles have been reversed. Black is now a
pawn down and in deep trouble.'} Kh6 {[%emt 0:00:06]} 52. Rc3 {[%emt 0:07:30]}
Rd8 {[%emt 0:04:39]} 53. Rgg3 {[%emt 0:02:14]} (53. Rg7 $1) 53... b5 {[%emt 0:
09:24]} 54. b4 {[%emt 0:03:30]} a4 {[%emt 0:02:05]} 55. Rg4 {[%emt 0:01:20]} e3
{[%emt 0:01:12]} 56. Kg3 {[%emt 0:00:44]} e2 {[%emt 0:04:53]} 57. Kf2 {[%emt 0:
00:31]} Rb1 {[%emt 0:02:02]} 58. Kxe2 {[%emt 0:00:43]} Rb2+ {[%emt 0:01:16]}
59. Ke1 {[%emt 0:00:02]} Rb3 {[%emt 0:00:15]} 60. Rxb3 {[%emt 0:00:00]} axb3 {
[%emt 0:00:00]} 61. Rg3 {[%emt 0:00:13]} Rg8 {[%emt 0:03:45]} 62. Rxb3 {
[%emt 0:00:32]} Rxg2 {[%emt 0:00:05]} 63. Rc3 {[%emt 0:01:11]} Kg6 {[%emt 0:00:
29]} 64. Rc5 {[%emt 0:06:59]} Rg3 {[%emt 0:00:09]} 65. Rxb5 {[%emt 0:00:40]}
Rxa3 {[%emt 0:00:06]} 66. Kd2 {[%emt 0:00:10]} Kf5 {[%emt 0:03:58]} 67. Rc5 {
[%emt 0:01:55]} Ke4 {[%emt 0:00:22]} 68. Kc2 {[%emt 0:02:11]} Kd4 {[%emt 0:01:
20]} 69. Rc7 {[%emt 0:05:47]} Kxe5 {[%emt 0:00:06]} 70. Rxf7 {[%emt 0:00:03]}
Rh3 {[%emt 0:00:06]} 71. b5 {[%emt 0:01:33]} Rxh4 {[%emt 0:00:05]} 72. Kc3 {
[%emt 0:00:28]} Rh1 {[%emt 0:01:36]} 73. Kb4 {[%emt 0:00:25]} Kf5 {[%emt 0:02:
26]} 74. b6 {[%emt 0:00:26]} e5 {[%emt 0:00:07]} 75. Rf8 {[%emt 0:00:16]
Fighting chess by both the players, this shows that chess is quite a practical
game. Though the opening was clearly better for Black, White kept up the
pressure, and near the 40th move Black went wrong and White was able to
convert his advantage.'} 1-0